• 首页
  • 本馆介绍
  • 公告通知
  • 最新文献
  • 馆藏检索
  • 电子资源
  • 读者导购
  • 参考咨询
  • 我的图书馆
  • 登录
  • 详细信息显示
  • 放入我的书架
  • 预约/预借图书
  • 作者相关作品
  • 分类相关作品
  • 丛书相关作品
  • 出版社相关作品

书目信息

  • 表格格式
  • 工作单格式
  • 卡片格式
题名:
寻找公共行政的“点金石”
    
 
作者: 曹丽媛 著
分册:  
出版信息: 北京   新华出版社  2017
页数: 243页
开本: 24cm
丛书名:
单 册:
中图分类: D502
科图分类:
主题词: 行政学--研究--西方国家
电子资源:
ISBN: 978-7-5166-3033-4
000 01126nam0 2200265 450
001 012001001245
005 20140921103355.0
010    @a978-7-5166-3033-4@b精装@dCNY68.00
100    @a20171018d2017 em y0chiy50 ea
101 0  @achi
102    @aCN@b110000
105    @ay az 000yy
106    @ar
200 1  @a寻找公共行政的“点金石”@9xun zhao gong gong xing zheng de“dian jin shi”@e西方国家中央政府部际协调的实践与启示@f曹丽媛著
210    @a北京@c新华出版社@d2017
215    @a243页@d24cm
314    @a曹丽媛,毕业于北京师范大学政治学与国际关系学院并取得管理学伯豪斯学位,现从教于华北电力大学人文与社会科学学院,长期从事于公共管理学理论与实践的研究。
320    @a有书目(第226-243页)
330    @a本书内容包括:绪论;中央政府部际协调的理论基础;中央政府部际协调的困境及其原因;走向合作——英国中央政府部际协调的实践等。
517 1  @a西方国家中央政府部际协调的实践与启示@9xi fang guo jia zhong yang zheng fu bu ji xie tiao de shi jian yu qi shi
606 0  @a行政学@x研究@y西方国家
690    @aD502@v5
701  0 @a曹丽媛@9Cao Li Yuan@4著
801  0 @aCN@b上海新华@c20180901
905    @b1156094-8@dD502@e249@f5
    
    寻找公共行政的“点金石”:西方国家中央政府部际协调的实践与启示/曹丽媛著.-北京:新华出版社,2017
    243页;24cm
    
    
    ISBN 978-7-5166-3033-4(精装):CNY68.00
    本书内容包括:绪论;中央政府部际协调的理论基础;中央政府部际协调的困境及其原因;走向合作——英国中央政府部际协调的实践等。
●
相关链接 在E读中查询图书 在五车中查询图书 在当当中查询图书 在豆瓣中查询图书


正题名:寻找公共行政的"点金石"     索取号:D502/249         预约/预借

序号 登录号 条形码 馆藏地/架位号 状态 备注
1 1156094   211560942   第一样本阅览室/ [索取号:D502/249] 在馆    
2 1156095   211560951   第一借阅区/ [索取号:D502/249] 在馆    
3 1156096   211560960   第一借阅区/ [索取号:D502/249] 在馆    
4 1156097   211560979   第一借阅区/ [索取号:D502/249] 在馆    
5 1156098   211560988   第一借阅区/ [索取号:D502/249] 在馆    
唐山师范学院图书馆 欢迎您!
大连网信软件有限公司© 版权所有